00225nam a22000977a 4500020001800000082001000018100001300028245003300041260004400074300000900118 a9787530220184 a915.1 aNing Ken aZhongguancun NotescNing Ken aBeijingbBeijing Publishing Groupc2019 a585p